000 00406nam a22001217a 4500
999 _c2841
_d2841
005 20200924150501.0
008 200924b ||||| |||| 00| 0 eng d
020 _a0852295715
040 _cCML
245 _aThe New Encyclopedia Knowledge in Depth.
_cEncyclopedia Britannica, Inc
260 _aChicago
_bEncyclopedia Britannica, Inc
_c1974
942 _2ddc
_cBK
_e15th Vol.13
_h032
_kGEN REF
_mNEW